| 000 | 00854nam a2200241Ia 4500 | ||
|---|---|---|---|
| 003 | OSt | ||
| 005 | 20220923213028.0 | ||
| 006 | a|||||r|||| 00| 0 | ||
| 007 | ta | ||
| 008 | 220922b |||||||| |||| 00| 0 hin d | ||
| 024 | _a158,429 | ||
| 037 | _cTextual | ||
| 040 |
_aARTS _cARTS _bhin |
||
| 041 |
_2hin _ahin |
||
| 082 | _aO15:gxE25,1, K7 | ||
| 100 |
_aपाठक, चन्द्रहंस _9156270 |
||
| 245 | 0 | _aऔचित्य सम्प्रदाय का हिन्दी काव्य शास्त्र पर प्रभाव | |
| 246 | _aAuchitya sampradāya kā hindī kāvya shāstra par prabhāva | ||
| 260 | _c1967 | ||
| 650 |
_aहिन्दी साहित्य _9156264 |
||
| 942 |
_hO15:gxE25,1, K7 _cTEXL _2CC |
||
| 999 |
_c313228 _d313228 |
||